000 00789nam a2200181 i 4500
001 142352
003 ES-MaACL
005 20230906200512.0
007 t|
008 071004m19301931sp ||||1| spa d
100 1 _aVilla y Sanz, Julián de la.
_9114899
245 1 0 _aAnatomía humana y embriología /
_cpor Julián de la Villa ; ilustraciones de José Muñoz.
260 _aMadrid :
_b[s.n.],
_c1930-31 (
_eSantander :
_fAldus)
300 _a7 v. ;
_c24 cm.
505 8 _aContiene: I. Prolegómenos, morfología, embriología general --II. Osteología -- III. Artrología -- IV. Miología -- V. Esplagnología -- VI. Esplagnología (aparato respiratorio) -- VII. Esplagnología (sistema genito-urinario)
700 1 _aMuñoz, José.
_984317
852 _aES-MaACL
_jA-4792-98
_bR.16761
999 _c142352
_d142352